First 100 years: A celebration of women in law (Record no. 84751)
[ view plain ]
| 000 -LEADER | |
|---|---|
| fixed length control field | 01042cab a22002295a 4500 |
| 001 - CONTROL NUMBER | |
| control field | L158970 |
| 008 - FIXED-LENGTH DATA ELEMENTS--GENERAL INFORMATION | |
| fixed length control field | 151109e20151027xxk 000 0 eng d |
| 035 ## - SYSTEM CONTROL NUMBER | |
| System control number | (Sirsi) u158970 |
| 041 0# - LANGUAGE CODE | |
| Language code of text/sound track or separate title | eng |
| 100 1# - MAIN ENTRY--PERSONAL NAME | |
| Personal name | Clensham, Laura |
| 245 00 - TITLE STATEMENT | |
| Title | First 100 years: A celebration of women in law |
| 260 ## - PUBLICATION, DISTRIBUTION, ETC. | |
| Date of publication, distribution, etc. | 2015 |
| 490 ## - SERIES STATEMENT | |
| Series statement | Solicitors' Journal |
| Volume/sequential designation | 159 (40) 27 October 2015, 18-21(3) |
| 520 ## - SUMMARY, ETC. | |
| Summary, etc. | As the Law Soicety launches its First 100 Years initiatve to celebrate the 100 years anniversary of women being allowed to practice as solicitors this article traces the history of women in the legal profession. Looks at changing attitudes towards the role of women in the profession. The Law Society is hoping to build up a digital archive of feedback from female solicitors on their experiences which will be donated to British Library in 2019. |
| 590 ## - LOCAL NOTE (RLIN) | |
| Local note | KA |
| 650 24 - SUBJECT ADDED ENTRY--TOPICAL TERM | |
| Topical term or geographic name entry element | SOLICITORS |
| 650 24 - SUBJECT ADDED ENTRY--TOPICAL TERM | |
| Topical term or geographic name entry element | WOMEN |
| 650 24 - SUBJECT ADDED ENTRY--TOPICAL TERM | |
| Topical term or geographic name entry element | PROFESSIONS |
| 650 ## - SUBJECT ADDED ENTRY--TOPICAL TERM | |
| Topical term or geographic name entry element | SEX DISQUALIFICATION (REMOVAL) ACT 1919 |
| 690 ## - LOCAL SUBJECT ADDED ENTRY--TOPICAL TERM (OCLC, RLIN) | |
| Topical term or geographic name as entry element | Business and management |
| 942 ## - ADDED ENTRY ELEMENTS (KOHA) | |
| Suppress in OPAC | 0 |
| Withdrawn status | Lost status | Source of classification or shelving scheme | Damaged status | Not for loan | Home library | Current library | Shelving location | Date acquired | Total Checkouts | Full call number | Barcode | Date last seen | Copy number | Price effective from | Koha item type |
|---|---|---|---|---|---|---|---|---|---|---|---|---|---|---|---|
| Dewey Decimal Classification | London | London | Journal article | 09/11/2015 | L158970 | 158970-1001 | 06/08/2019 | 1 | 06/08/2019 | Journal article |